Quản trị chất lượng chuỗi cung ứng - Cơ sở lý luận và một số kinh nghiệm thực tế tại Việt Nam : Sách chuyên khảo

Trình bày tổng quan về quản trị chất lượng chuỗi cung ứng; xây dựng phương pháp và khung phân tích quản trị chất lượng chuỗi cung ứng tại các doanh nghiệp Việt Nam; kết quả nghiên cứu về thực trạng hoạt động quản trị chất lượng chuỗi...

Disgrifiad llawn

Wedi'i Gadw mewn:
Manylion Llyfryddiaeth
Prif Awdur: Phan Chí Anh (Chủ biên)
Awduron Eraill: Nguyễn Thu Hà (Chủ biên)
Fformat: Llyfr
Iaith:Vietnamese
Cyhoeddwyd: H. Đại học Quốc gia Hà Nội 2021
Pynciau:
Tagiau: Ychwanegu Tag
Dim Tagiau, Byddwch y cyntaf i dagio'r cofnod hwn!
Thư viện lưu trữ: Thư viện Trường Đại học Nam Cần Thơ
LEADER 01763aam a22002178a 4500
001 NCT_4_022955
008 140627s2014 ||||||viesd
999 |c 9124  |d 9124 
020 |c 129000  |a 9786043243048 
082 0 4 |2 23rd ed.  |a 658.72  |b A107 
100 1 |a Phan Chí Anh  |e Chủ biên 
245 1 0 |a Quản trị chất lượng chuỗi cung ứng - Cơ sở lý luận và một số kinh nghiệm thực tế tại Việt Nam :  |b Sách chuyên khảo  |c Phan Chí Anh, Nguyễn Thu Hà (Chủ biên) 
260 |a H.  |b Đại học Quốc gia Hà Nội  |c 2021 
300 |a 143 tr.  |b minh hoạ  |c 24 cm 
520 3 |a Trình bày tổng quan về quản trị chất lượng chuỗi cung ứng; xây dựng phương pháp và khung phân tích quản trị chất lượng chuỗi cung ứng tại các doanh nghiệp Việt Nam; kết quả nghiên cứu về thực trạng hoạt động quản trị chất lượng chuỗi cung ứng tại các doanh nghiệp sản xuất chế tạo Việt Nam; kinh nghiệm quốc tế và tác động của quản trị chất lượng đối với tính linh hoạt của chuỗi cung ứng. 
653 |a Logistics và quản lý chuỗi cung ứng 
700 |a Nguyễn Thu Hà  |e Chủ biên 
942 |2 ddc  |c BK 
952 |0 0  |1 0  |2 ddc  |4 0  |6 658_720000000000000_A107  |7 0  |9 30962  |a 000001  |b 000001  |d 2025-06-25  |o 658.72 A107  |p MD.24176  |r 2025-06-25  |v 129000.00  |w 2025-06-25  |y BK 
952 |0 0  |1 0  |2 ddc  |4 0  |6 658_720000000000000_A107  |7 0  |9 30963  |a 000001  |b 000001  |d 2025-06-25  |o 658.72 A107  |p MD.24177  |r 2025-06-25  |v 129000.00  |w 2025-06-25  |y BK 
980 |a Thư viện Trường Đại học Nam Cần Thơ